Objekty 2003 : Sborník příspěvků osmého ročníku konference
Salvato in:
| Altri autori: | |
|---|---|
| Natura: | Libro |
| Lingua: | ceco |
| Pubblicazione: |
Ostrava :
VŠB - Technická univerzita Ostrava,
2003
|
| Tags: |
Nessun Tag, puoi essere il primo ad aggiungerne!!
|
MARC
| LEADER | 00000nam a22000003a 4500 | ||
|---|---|---|---|
| 001 | stu273599 | ||
| 005 | 20150617230231.3 | ||
| 008 | 130827s--------xr------------------cze-d | ||
| 020 | |a 80-248-0274-0 | ||
| 040 | |a STU |b slo | ||
| 041 | 0 | |a cze | |
| 044 | |a xr | ||
| 100 | 1 | |a Snášel, Václav |4 edt | |
| 245 | 1 | |a Objekty 2003 : |b Sborník příspěvků osmého ročníku konference | |
| 260 | |a Ostrava : |b VŠB - Technická univerzita Ostrava, |c 2003 | ||
| 300 | |a 308 | ||
| 996 | |c I*Z7937 |l I |s A |a 24 |w stu273599_0001 | ||